[Event "Zichichi Memorial"]
[Site "Ladispoli"]
[Date "2008.05.??"]
[Round "7"]
[White "Mari, Tommaso"]
[Black "Leonetti, Pietro"]
[Result "0-1"]
[WhiteElo "1828"]
[BlackElo "1575"]
[PlyCount "100"]
[EventDate "2008.05.01"]
[EventType "swiss"]
[EventRounds "7"]
[EventCountry "ITA"]
[SourceTitle "EXT 2009"]
[Source "ChessBase"]
[SourceDate "2008.11.26"]
[SourceVersion "1"]
[SourceVersionDate "2008.11.26"]
[SourceQuality "1"]

1. e4 c6 2. d4 g6 3. c4 Bg7 4. Nf3 d6 5. Nc3 Nf6 6. Be2 0-0 7. Bg5 Qa5 8. 0-0 Bg4 9. h4 Nbd7 10. Qc2 Rfe8 11. a3 h6 12. b4 Qc7 13. Be3 Rac8 14. Rad1 a5 15. Qd2 axb4 16. axb4 Kh7 17. g3 Bh3 18. Rfe1 Ra8 19. Kh2 Bg4 20. Kg2 Ra3 21. Rh1 Nb6 22. c5 Nbd7 23. Ng5+ Kg8 24. f3 Bh5 25. g4 dxc5 26. bxc5 hxg5 27. hxg5 Nh7 28. gxh5 Nxc5 29. hxg6 fxg6 30. Bc4+ e6 31. Rh4 Na4 32. Rdh1 Nf8 33. Nxa4 Rxa4 34. Qc2 Ra3 35. Bc1 Ra1 36. Bb2 Rxh1 37. Rxh1 Qb6 38. Qb3 Bxd4 39. Qxb6 Bxb6 40. Rh8+ Kf7 41. f4 Rd8 42. Kf3 Rd2 43. Ba3 c5 44. Rh3 Rd4 45. Ba2 Ra4 46. Ke2 Rxe4+ 47. Re3 Rxf4 48. Bxe6+ Nxe6 49. Bxc5 Nxc5 50. Re7+ Kxe7 0-1

[Event "Zichichi Memorial"]
[Site "Ladispoli"]
[Date "2008.05.??"]
[Round "5"]
[White "Mari, Tommaso"]
[Black "Mecali, Antonello"]
[Result "1-0"]
[WhiteElo "1828"]
[BlackElo "1858"]
[PlyCount "74"]
[EventDate "2008.05.01"]
[EventType "swiss"]
[EventRounds "7"]
[EventCountry "ITA"]
[SourceTitle "EXT 2009"]
[Source "ChessBase"]
[SourceDate "2008.11.26"]
[SourceVersion "1"]
[SourceVersionDate "2008.11.26"]
[SourceQuality "1"]

1. e4 c5 2. c4 Nc6 3. Nf3 d6 4. d4 cxd4 5. Nxd4 Nf6 6. Nc3 g6 7. a3 Bg7 8. Nxc6 bxc6 9. c5 dxc5 10. Qxd8+ Kxd8 11. Bc4 e6 12. Be3 Nd7 13. Rd1 Ke8 14. f4 Rb8 15. Na4 Bxb2 16. Nxb2 Rxb2 17. Rd2 Rb6 18. Ke2 Ke7 19. Rhd1 Rb7 20. Ba6 Rc7 21. Bc4 a5 22. e5 Rd8 23. Bxc5+ Nxc5 24. Rxd8 Nd7 25. Rh8 Nf8 26. Rb1 Rd7 27. Rb8 Rc7 28. Rxf8 Kxf8 29. Ba6 Ke7 30. Bxc8 Ra7 31. Rb7+ Rxb7 32. Bxb7 Kd7 33. Ba6 Kc7 34. Kd3 Kb6 35. Bc4 c5 36. a4 Kc7 37. Bb5 Kd8 1-0

[Event "Zichichi Memorial"]
[Site "Ladispoli"]
[Date "2008.05.??"]
[Round "2"]
[White "Mari, Tommaso"]
[Black "Placchetta, Omero"]
[Result "1-0"]
[WhiteElo "1828"]
[BlackElo "1622"]
[PlyCount "111"]
[EventDate "2008.05.01"]
[EventType "swiss"]
[EventRounds "7"]
[EventCountry "ITA"]
[SourceTitle "EXT 2009"]
[Source "ChessBase"]
[SourceDate "2008.11.26"]
[SourceVersion "1"]
[SourceVersionDate "2008.11.26"]
[SourceQuality "1"]

1. e4 e5 2. Nf3 Nc6 3. Bb5 a6 4. Ba4 Nf6 5. 0-0 Be7 6. Re1 b5 7. Bb3 d6 8. h3 0-0 9. c3 Nb8 10. d4 Nbd7 11. Nbd2 c5 12. a4 c4 13. Bc2 Bb7 14. Nf1 Re8 15. d5 g6 16. Ng3 Bf8 17. Be3 h6 18. Qd2 Kh7 19. Nh2 Ng8 20. Ra3 h5 21. Nf3 f6 22. Rea1 Bh6 23. axb5 Bxe3 24. Qxe3 a5 25. b6 Nc5 26. Ba4 Re7 27. Nd2 Nd3 28. Nxc4 Nc5 29. Bc6 a4 30. Bxa4 Nxa4 31. Rxa4 Rxa4 32. Rxa4 Qe8 33. Ra7 Qd8 34. Na5 Qb8 35. b4 Rg7 36. Nc6 Qc8 37. b5 f5 38. f4 h4 39. Nf1 fxe4 40. Nd2 Nf6 41. c4 Qf5 42. fxe5 dxe5 43. Na5 Qc8 44. Rxb7 Rxb7 45. Nxb7 Qxb7 46. Nxe4 Nxe4 47. Qxe4 Qxb6+ 48. Kh2 Qf6 49. c5 Qg5 50. Qg4 Qd8 51. d6 Kg7 52. Qe6 Qg5 53. Qe7+ Qxe7 54. dxe7 Kf7 55. c6 g5 56. b6 1-0

[Event "Zichichi Memorial"]
[Site "Ladispoli"]
[Date "2008.05.??"]
[Round "4"]
[White "Palermo, Stefano"]
[Black "Mari, Tommaso"]
[Result "1-0"]
[WhiteElo "2079"]
[BlackElo "1828"]
[PlyCount "35"]
[EventDate "2008.05.01"]
[EventType "swiss"]
[EventRounds "7"]
[EventCountry "ITA"]
[SourceTitle "EXT 2009"]
[Source "ChessBase"]
[SourceDate "2008.11.26"]
[SourceVersion "1"]
[SourceVersionDate "2008.11.26"]
[SourceQuality "1"]

1. e4 e5 2. Nf3 Nc6 3. Bc4 Nf6 4. d3 Be7 5. Nc3 d6 6. h3 a6 7. a4 Bd7 8. 0-0 h6 9. Be3 0-0 10. Qd2 Nh7 11. Nd5 Kh8 12. Nh2 f5 13. f4 exf4 14. Nxf4 Ne5 15. Be6 Rf6 16. exf5 Ng5 17. d4 Nc4 18. Bxc4 1-0